000
00293nam a22001337a 4500
008
170428b xxu||||| |||| 00| 0 eng d
020
_a
9780521531832
041
_a
eng
080
_2
5 ED
_a
341
100
_a
13
101
_a
SHJ
245
_a
INTERNATIONAL LAW
_c
SHAW.M.N
942
_2
udc
_c
BK
999
_c
12301
_d
12301